| 000 | 01336nam a22002777a 4500 | ||
|---|---|---|---|
| 005 | 20081128163624.0 | ||
| 008 | 081128t xxu||||| |||| 00| 0 hin d | ||
| 010 | _aHIN-85275 | ||
| 020 |
_a9788186624333 _c200.00 |
||
| 035 | _aHN-57621 | ||
| 037 | _bDBAD / PUB | ||
| 040 |
_aDPL _bHN |
||
| 082 | _a333.79 | ||
| 100 | _aबंदूनी, शशिबाला | ||
| 245 |
_aऊर्जा संरक्षण तथा उत्पादन / _cशशिबाला बंदूनी |
||
| 246 |
_aUrjaa sanrakshana tatha utpaadana _bby Shashibala Banduni |
||
| 260 |
_aदिल्ली _bपूर्वांचल प्रकाशन _c2008 |
||
| 270 |
_a1180, ए-ब्लाक, पार्ट-2, सोनिया विहार _bदिल्ली _e110 094 _k22967983 |
||
| 300 |
_a120पृ. _c21सेी(सजिल्द) |
||
| 650 |
_aऊर्जा संरक्षण _zभारत |
||
| 650 |
_aEnergy conservation _zIndia |
||
| 650 |
_aऊर्जा उद्योग _zभारत |
||
| 650 |
_aEnergy industry _zIndia |
||
| 942 |
_2ddc _cHN _h333.79 _mबंदूनी |
||
| 999 |
_c19290 _d19290 |
||